000
00300nam a22001337a 4500
008
170316b xxu||||| |||| 00| 0 eng d
020
_a
00870496099
041
_a
eng
080
_a
616.8
100
_a
7
101
_a
SHM
245
_a
PRINCIPLES INTERNAL MEDICINE
_c
PETERSDORF.R.G
942
_2
udc
_c
BK
999
_c
8000
_d
8000